000 00550pam a2200217 4500
001 3132750
005 20180129035154.0
008 720911s1973 nyua b 000 0 eng
010 _a 72008586
020 _a0471541060
040 _aDLC
_cDLC
_dDLC
041 _aeng
080 _a658.4 lib
082 0 0 _a658.4 lib
100 1 _a54
101 _alid
245 1 4 _aThe analysis of organizations
_c[by] Joseph A. Litterer.
504 _aIncludes bibliographies.
906 _a7
_bcbc
_corignew
_d1
_eocip
_f19
_gy-gencatlg
942 _2ddc
_cBK
999 _c41121
_d41121